Modelování evropské chudoby
Európska chudoba ako brzda spoločenského vývoja s dôsledkami sociálneho vylúčenia jednotlivca. Boj proti chudobe v centre hospodárskej agendy zamestnanosti a sociálnej agendy stratégie Európa 2020. Vývoj ukazovateľov chudoby a sociálneho vylúčenia v EÚ v rokoch 2010-2016. Zhlukovanie podľa vývoja vy...
Na minha lista:
| Autor principal: | |
|---|---|
| Outros Autores: | , |
| Formato: | Capítulo de Livro |
| Idioma: | tcheco |
| Assuntos: | |
| Tags: |
Sem tags, seja o primeiro a adicionar uma tag!
|
MARC
| LEADER | 00000nla a2200000 4500 | ||
|---|---|---|---|
| 001 | 0243152 | ||
| 005 | 20240417075139.8 | ||
| 041 | 0 | |a cze | |
| 044 | |a SK | ||
| 245 | 1 | 0 | |a Modelování evropské chudoby |c Radim Dolák, Milena Botlíková, Josef Botlík |
| 520 | |a Európska chudoba ako brzda spoločenského vývoja s dôsledkami sociálneho vylúčenia jednotlivca. Boj proti chudobe v centre hospodárskej agendy zamestnanosti a sociálnej agendy stratégie Európa 2020. Vývoj ukazovateľov chudoby a sociálneho vylúčenia v EÚ v rokoch 2010-2016. Zhlukovanie podľa vývoja vybraných ukazovateľov. | ||
| 610 | 2 | 0 | |a chudoba |
| 610 | 2 | 0 | |a chudobní |
| 610 | 2 | 0 | |a vylúčenie sociálne |
| 610 | 2 | 0 | |a príjmy |
| 610 | 2 | 0 | |a intenzita práce |
| 610 | 2 | 0 | |a deprivácia |
| 610 | 2 | 0 | |a analýza zhluková |
| 610 | 2 | 0 | |a Európska únia |
| 100 | 1 | |a Dolák, Radim | |
| 700 | 1 | |a Botlíková, Milena | |
| 700 | 1 | |a Botlík, Josef | |